Normal view
MARC view
Entry Personal Name
001 - CONTROL NUMBER
- control field: 53166
003 - CONTROL NUMBER IDENTIFIER
- control field: OSt
005 - DATE AND TIME OF LATEST TRANSACTION
- control field: 20160421151039.0
008 - FIXED-LENGTH DATA ELEMENTS
- fixed length control field: 160421|| aca||aabn | a|a d
040 ## - CATALOGING SOURCE
- Original cataloging agency: OSt
- Transcribing agency: OSt
100 ## - HEADING--PERSONAL NAME
- Personal name: डॉ प्रकाश नारायण नाटानी
670 ## - SOURCE DATA FOUND
- Source citation: Work cat.: (OSt)49222: डॉ प्रकाश नारायण नाटानी , राष्ट्रीय खेल नीति एवं खेलों की महत्वपूर्ण जानकारी , 2011









